000 00422nam a2200157Ia 4500
008 210719s1967 xx 000 0 und d
041 _aeng
082 _a511.324 SAMS
100 _aSAMPATHKUMARACHAR (E)
245 _aSome studies in boolean algebra
260 _aDharwar
_bKarnatak university
_c1967
300 _aii,78
_bHB
365 _b7
_cRs
650 _aMathematics
906 _aBoolean algebra mathematics maths
999 _c212869
_d212869